书目信息 |
| 题名: |
山区和边远灾区应急供水与净水一体化装备集成及应用
|
|
| 作者: | 李伟 , 李昊明 , 季磊磊 , 郎涛 著 | |
| 分册: | ||
| 出版信息: | 镇江 江苏大学出版社 2024.12 |
|
| 页数: | 229页 | |
| 开本: | 24cm | |
| 丛书名: | 山区和边远灾区应急供水与净水一体化关键技术与装备丛书 | |
| 单 册: | ||
| 中图分类: | TU991.41 | |
| 科图分类: | ||
| 主题词: | 山区--shan qu--灾区--净水--给水系统--研究 | |
| 电子资源: | ||
| ISBN: | 978-7-5684-2429-5 | |
| 000 | 01509nam 2200325 450 | |
| 001 | 90228 | |
| 005 | 20250815150616.49 | |
| 010 | @a978-7-5684-2429-5@dCNY80.00 | |
| 100 | @a20250704d2024 em y0chiy50 ea | |
| 101 | 0 | @achi |
| 102 | @aCN@b320000 | |
| 105 | @aa a 000yy | |
| 106 | @ar | |
| 200 | 1 | @a山区和边远灾区应急供水与净水一体化装备集成及应用@Ashan qu he bian yuan zai qu ying ji gong shui yu jing shui yi ti hua zhuang bei ji cheng ji ying yong@f李伟 ... [等] 著 |
| 210 | @a镇江@c江苏大学出版社@d2024.12 | |
| 215 | @a229页@c图@d24cm | |
| 225 | 2 | @a山区和边远灾区应急供水与净水一体化关键技术与装备丛书@Ashan qu he bian yuan zai qu ying ji gong shui yu jing shui yi ti hua guan jian ji shu yu zhuang bei cong shu |
| 300 | @a国家重点研发计划成果 国家出版基金项目 江苏省“十四五”时期重点出版物规划项目 | |
| 304 | @a题名页题其余责任者: 李昊明, 季磊磊, 郎涛 | |
| 320 | @a有书目 (第212-14页) | |
| 330 | @a本书共分为7章, 内容涵盖国内外应急供水技术的研究现状与趋势分析, 提出了面向地震灾害、地质灾害、水旱灾害等典型场景的应急供水与净水一体化装备集装集成方案, 基于数字李生建模与仿真技术构建了应急供水智能管控系统。 | |
| 410 | 0 | @12001 @a山区和边远灾区应急供水与净水一体化关键技术与装备丛书 |
| 606 | 0 | @a山区@Ashan qu@x灾区@x净水@x给水系统@x研究 |
| 690 | @aTU991.41@v5 | |
| 701 | 0 | @a李伟@Ali wei@4著 |
| 701 | 0 | @a李昊明@Ali hao ming@4著 |
| 701 | 0 | @a季磊磊@Aji lei lei@4著 |
| 701 | 0 | @a郎涛@Alang tao@4著 |
| 801 | 0 | @aCN@c20250909 |
| 905 | @a河南城建学院图书馆@dTU991.41@eL283@f1 | |
| 山区和边远灾区应急供水与净水一体化装备集成及应用/李伟 ... [等] 著.-镇江:江苏大学出版社,2024.12 |
| 229页:图;24cm.-(山区和边远灾区应急供水与净水一体化关键技术与装备丛书) |
| 国家重点研发计划成果 国家出版基金项目 江苏省“十四五”时期重点出版物规划项目 |
| ISBN 978-7-5684-2429-5:CNY80.00 |
| 本书共分为7章, 内容涵盖国内外应急供水技术的研究现状与趋势分析, 提出了面向地震灾害、地质灾害、水旱灾害等典型场景的应急供水与净水一体化装备集装集成方案, 基于数字李生建模与仿真技术构建了应急供水智能管控系统。 |
| ● |
| 相关链接 |
|
|
|
正题名:山区和边远灾区应急供水与净水一体化装备集
索取号:TU991.41/L283
 
预约/预借
| 序号 | 登录号 | 条形码 | 馆藏地/架位号 | 状态 | 备注 |
| 1 | 1624190 | 216241902 | 建筑库201/201建筑库 134排2列1层/ [索取号:TU991.41/L283] | 在馆 |